| 000 | 01074nam a2200253Ia 4500 | ||
|---|---|---|---|
| 001 | 909-NUO st un (10148) | ||
| 003 | IT-MiSPE | ||
| 008 | 171229s9999||||xx |||||||||||||| ||und|| | ||
| 040 |
_aIT-MiSPE _cIT-MiSPE |
||
| 041 | _aITALIANO | ||
| 100 | _aRoger Portal | ||
| 245 | 0 |
_aNuova storia universale dei popoli e delle cività _bXVII. La Russia |
|
| 250 | _a1a ed. (v) | ||
| 260 |
_aTorino _bUTET _c1972 |
||
| 300 |
_aXV, 365 p. [20 v.] _c25 cm |
||
| 490 | _v 17° | ||
| 501 | _aEdizioni San Paolo srl - Piazza Soncino, 5 - 20092 CINISELLO BALSAMO (MI) (non commercial uses only) ® Copyright 2018 | ||
| 520 | _aTav. | ||
| 700 |
_aAngelo d'Orsi _g(traduzione) |
||
| 700 |
_aJo Errante _g(traduzione) |
||
| 942 | _cBK | ||
| 957 | _71 | ||
| 999 |
_a18877 _bNO _g Copie: 1 _c355703 _d355703 |
||